[Event "Tournoi Skype 023B"]
[Site "Skype"]
[Date "????.??.??"]
[Round "2.35"]
[White "Lecluyse, Koenraad"]
[Black "Schuh, David"]
[Result "1-0"]
[WhiteElo "1224"]
[BlackElo "1000"]
[PlyCount "53"]

1. d4 Nc6 2. Nf3 d5 3. e3 Bf5 4. Bb5 Nf6 5. Ne5 e6 6. Nxc6 bxc6 7. Bxc6+ Nd7 8.
Bxa8 Qxa8 9. O-O Bd6 10. Nd2 O-O 11. Nf3 Rb8 12. Ng5 h6 13. Nf3 e5 14. Re1 exd4
15. Nxd4 Re8 16. Nxf5 Bc5 17. c3 Ne5 18. b4 Bb6 19. h3 Qc8 20. Ng3 a6 21. Bb2
Re6 22. Qxd5 Re7 23. Rad1 Rd7 24. Qxe5 Rxd1 25. Rxd1 c5 26. c4 cxb4 27. Qxg7#
1-0

[Event "Tournoi Skype 023B"]
[Site "Skype"]
[Date "????.??.??"]
[Round "2.36"]
[White "Singh, Gatak"]
[Black "Farfallini, Michel"]
[Result "0-1"]
[WhiteElo "1000"]
[BlackElo "1223"]
[PlyCount "64"]

1. e4 e5 2. Nf3 Nc6 3. Bb5 a6 4. Bxc6 dxc6 5. Nxe5 Qd4 6. Nf3 Qxe4+ 7. Qe2
Qxe2+ 8. Kxe2 Bf5 9. Nd4 Bg6 10. Re1 O-O-O 11. c3 c5 12. Nf3 c4 13. Kd1 Bc5 14.
d4 cxd3 15. Be3 Bxe3 16. Rxe3 Nf6 17. Ne5 Rhe8 18. Nxg6 Rxe3 19. fxe3 fxg6 20.
Kd2 Ne4+ 21. Kd1 Rf8 22. Nd2 Rf2 23. Ke1 Rxd2 24. Rd1 Re2+ 25. Kf1 Rxe3 26. Re1
d2 27. Rd1 Rd3 28. Ke2 Rd7 29. Ke3 Re7 30. Kd3 Nf2+ 31. Kxd2 Rd7+ 32. Ke2 Nxd1
0-1

[Event "Tournoi Skype 023B"]
[Site "Skype"]
[Date "????.??.??"]
[Round "2.37"]
[White "Alverson, Ginny"]
[Black "Swanepoel, Karel"]
[Result "1-0"]
[WhiteElo "1190"]
[BlackElo "1000"]
[PlyCount "55"]

1. Nf3 d5 2. d4 Nc6 3. c3 Nf6 4. e3 a6 5. Nbd2 Bg4 6. Be2 e6 7. O-O Be7 8. h3
Bh5 9. Ne5 O-O 10. Bxh5 Nxe5 11. dxe5 Nxh5 12. Qxh5 c5 13. Nf3 h6 14. Qg4 d4
15. exd4 g5 16. Be3 cxd4 17. Nxd4 Rc8 18. f4 Qb6 19. Rab1 Rfd8 20. Qh5 Kg7 21.
fxg5 Rf8 22. gxh6+ Kh7 23. Rf4 f5 24. exf6 Rc5 25. Qg4 Rg8 26. Qf3 e5 27. Qe4+
Kxh6 28. Rh4# 1-0

[Event "Tournoi Skype 023B"]
[Site "Skype"]
[Date "????.??.??"]
[Round "3.1"]
[White "Legueltel, Daniel"]
[Black "Munoz Gonzalez, Martin"]
[Result "1-0"]
[WhiteElo "1597"]
[BlackElo "1394"]
[PlyCount "39"]

1. e4 g6 2. d4 Bg7 3. Nc3 d6 4. Be2 a6 5. f4 e6 6. Nf3 Ne7 7. Be3 Nd7 8. Qd2 c5
9. dxc5 dxc5 10. O-O-O Qc7 11. e5 b6 12. Ne4 O-O 13. Nd6 Ra7 14. g4 Bb7 15. h4
Bxf3 16. Bxf3 Nxe5 17. fxe5 Bxe5 18. Bf4 Bxf4 19. Qxf4 Rd8 20. Qxf7+ 1-0

[Event "Tournoi Skype 023B"]
[Site "Skype"]
[Date "????.??.??"]
[Round "3.2"]
[White "Leyton Calderon, Jairo Oswaldo"]
[Black "Harmelle, Dominique"]
[Result "1-0"]
[WhiteElo "1572"]
[BlackElo "1362"]
[PlyCount "93"]

1. Nf3 d5 2. b3 Nc6 3. Bb2 Nf6 4. e3 Bg4 5. Be2 e6 6. O-O Be7 7. d3 O-O 8. Nbd2
b5 9. Ne5 Bxe2 10. Qxe2 Nxe5 11. Bxe5 c5 12. f4 Qb6 13. Rf3 Ng4 14. Bxg7 Kxg7
15. Rg3 f5 16. h3 h5 17. hxg4 fxg4 18. Nf3 c4 19. Ne5 Rxf4 20. Nd7 cxd3 21.
Qxd3 Qd6 22. exf4 Qxd7 23. Kh1 Rc8 24. Rd1 Bf6 25. Re3 Rc3 26. Qe2 b4 27. Rxc3
bxc3 28. a4 Qc7 29. Qe3 Qf7 30. Re1 d4 31. Qe4 Qd7 32. Qxe6 Qc7 33. Qe4 Qf7 34.
g3 Kh6 35. Kg2 Qd7 36. Kf2 h4 37. f5 hxg3+ 38. Kxg3 Qd6+ 39. Qf4+ Qxf4+ 40.
Kxf4 Bg5+ 41. Kxg4 Bd2 42. Rf1 Kg7 43. Kf3 Kf6 44. Ke4 a5 45. Kxd4 Kg5 46. f6
Kg6 47. f7 1-0

[Event "Tournoi Skype 023B"]
[Site "Skype"]
[Date "????.??.??"]
[Round "3.4"]
[White "De Nobrega, George"]
[Black "Navghane, Rahul"]
[Result "0-1"]
[WhiteElo "1323"]
[BlackElo "1506"]
[PlyCount "140"]

1. e4 e5 2. Nf3 Nc6 3. Bc4 Nf6 4. d3 Bc5 5. h3 d6 6. Nc3 Be6 7. Bxe6 fxe6 8.
O-O O-O 9. Qe2 Nd4 10. Nxd4 exd4 11. Na4 Nd7 12. Nxc5 Nxc5 13. Qg4 Rf7 14. b4
Nd7 15. Qxe6 Ne5 16. Qd5 Qf6 17. Bd2 c6 18. Qb3 Raf8 19. Qb1 Qg6 20. f4 Nd7 21.
Qb2 c5 22. bxc5 dxc5 23. Qxb7 Nb6 24. Qa6 Rc8 25. Qa3 c4 26. Rae1 cxd3 27. Qxd3
Rd7 28. f5 Qf7 29. Qb3 Nc4 30. Bc1 Rb7 31. Qd3 Qf6 32. Re2 Ne5 33. Qd1 Rd8 34.
Rd2 Nc4 35. Re2 Rb1 36. Qd3 Ne3 37. Rfe1 Qg5 38. Bxe3 Rxe1+ 39. Kf2 Rxe2+ 40.
Qxe2 Qxe3+ 41. Qxe3 dxe3+ 42. Kxe3 Kf7 43. Kf4 g6 44. fxg6+ hxg6 45. g4 Rd2 46.
h4 Rxc2 47. h5 gxh5 48. gxh5 Kg7 49. e5 Rf2+ 50. Kg5 Rxa2 51. e6 Re2 52. Kf5 a5
53. h6+ Kxh6 54. Kf6 a4 55. e7 Rxe7 56. Kxe7 a3 57. Kd6 a2 58. Kc5 a1=Q 59. Kc4
Qb2 60. Kc5 Qb3 61. Kc6 Qb4 62. Kd7 Qb6 63. Ke7 Qc7+ 64. Ke6 Qc5 65. Kd7 Qb6
66. Ke7 Qc6 67. Kd8 Qb7 68. Ke8 Qc7 69. Kf8 Qd7 70. Kg8 Qg7# 0-1

[Event "Tournoi Skype 023B"]
[Site "Skype"]
[Date "????.??.??"]
[Round "3.5"]
[White "Ram, Madhukesh"]
[Black "Couto, Januario"]
[Result "1/2-1/2"]
[WhiteElo "1275"]
[BlackElo "1482"]
[PlyCount "44"]

1. d4 d5 2. c4 e6 3. e3 Nf6 4. Nc3 c6 5. Bd3 g6 6. Nf3 Bg7 7. O-O O-O 8. h3
Nbd7 9. a4 c5 10. Qc2 dxc4 11. Bxc4 a6 12. Bd2 Qc7 13. Ne4 Nxe4 14. Qxe4 Nf6
15. Qc2 cxd4 16. Nxd4 Bd7 17. Rfd1 b5 18. axb5 Bxb5 19. Nxb5 axb5 20. Rxa8 Rxa8
21. Bb3 Qxc2 22. Bxc2 Ra2 1/2-1/2

[Event "Tournoi Skype 023B"]
[Site "Skype"]
[Date "????.??.??"]
[Round "3.6"]
[White "Yilmazer, Seher"]
[Black "Vilone, Rino"]
[Result "0-1"]
[WhiteElo "1148"]
[BlackElo "1466"]
[PlyCount "54"]

1. e4 e5 2. Nf3 Nc6 3. d4 Nf6 4. Bd3 d5 5. dxe5 dxe4 6. exf6 exd3 7. cxd3 Qxf6
8. O-O Bd6 9. Qe2+ Be6 10. Nbd2 Qd8 11. Nc4 Be7 12. b3 Bf6 13. Rb1 O-O 14. Bf4
Re8 15. Rbe1 Bc3 16. Rc1 Bxc4 17. Qc2 Bxd3 18. Qxc3 Bxf1 19. Kxf1 a6 20. a4 Re4
21. Bg5 f6 22. Bh4 Re7 23. Bxf6 gxf6 24. Qxf6 Re1+ 25. Kxe1 Qxf6 26. Rc5 Re8+
27. Kd2 Qd6+ 0-1

[Event "Tournoi Skype 023B"]
[Site "Skype"]
[Date "????.??.??"]
[Round "3.7"]
[White "Aceituno, Stebe"]
[Black "Moumtaz, Abderrahim"]
[Result "1-0"]
[WhiteElo "1458"]
[BlackElo "1280"]
[PlyCount "67"]

1. e4 e5 2. Nf3 Nc6 3. Bc4 Bc5 4. O-O Nf6 5. d3 O-O 6. c3 a6 7. Bg5 d6 8. d4
exd4 9. cxd4 Ba7 10. Nc3 Nb8 11. Qb3 Nbd7 12. e5 dxe5 13. dxe5 h6 14. exf6 hxg5
15. Nxg5 Qxf6 16. Nce4 Qg6 17. Bxf7+ Rxf7 18. Nxf7 Qxf7 19. Qh3 Nf6 20. Qh4
Nxe4 21. Qxe4 c6 22. Rad1 Be6 23. b3 Re8 24. Qh4 Bc5 25. Rd8 Rxd8 26. Qxd8+ Kh7
27. Qa5 Ba7 28. Qg5 Bd4 29. Qh4+ Kg8 30. Qxd4 Qg6 31. g3 Qf5 32. Rd1 Bd7 33.
Qxd7 Qxd7 34. Rxd7 1-0

[Event "Tournoi Skype 023B"]
[Site "Skype"]
[Date "????.??.??"]
[Round "3.8"]
[White "Kruzeniski, Randy"]
[Black "Kumar Keshri, Siddharth"]
[Result "1-0"]
[WhiteElo "1427"]
[BlackElo "1000"]
[PlyCount "47"]

1. d4 Nf6 2. Nf3 d5 3. e3 g6 4. Be2 Bg7 5. O-O Nbd7 6. c4 e6 7. Nc3 c6 8. b3
O-O 9. a4 a6 10. a5 Rb8 11. c5 Re8 12. b4 e5 13. dxe5 Nxe5 14. Nxe5 Rxe5 15.
Bb2 Re8 16. Na4 Re4 17. Qd2 Rh4 18. f3 Qc7 19. g3 Rh6 20. Rf2 Nh5 21. Bxg7 Kxg7
22. Qd4+ Kg8 23. f4 Bg4 24. Bxg4 1-0

[Event "Tournoi Skype 023B"]
[Site "Skype"]
[Date "????.??.??"]
[Round "3.10"]
[White "Lemoine, Gerard"]
[Black "Khabou, Taha"]
[Result "1-0"]
[WhiteElo "1567"]
[BlackElo "1274"]
[PlyCount "79"]

1. d4 Nf6 2. c4 c6 3. Nc3 d5 4. cxd5 cxd5 5. Bg5 e6 6. e3 Nc6 7. Nf3 Bd6 8. a3
O-O 9. Nb5 Be7 10. Bd3 b6 11. O-O Ba6 12. Qb3 Bxb5 13. Bxb5 Na5 14. Qc2 Rc8 15.
Qe2 Ne4 16. Ba6 Rc7 17. Bf4 Bd6 18. Bxd6 Nxd6 19. b4 Nac4 20. Rfc1 b5 21. a4
bxa4 22. Rxa4 Qb8 23. Ne1 Qb6 24. Nd3 Nf5 25. Bxc4 Rxc4 26. Rxc4 dxc4 27. Nc5
Qb5 28. Qc2 Nd6 29. Qb1 Ra8 30. Ra5 Qc6 31. Ra6 Qd5 32. Na4 Nf5 33. Nc3 Qb7 34.
Qe4 Rb8 35. Qxb7 Rxb7 36. b5 Rc7 37. b6 Rc6 38. b7 Ne7 39. b8=Q+ Nc8 40. Rxc6
1-0

[Event "Tournoi Skype 023B"]
[Site "Skype"]
[Date "????.??.??"]
[Round "3.11"]
[White "K, Ashoka"]
[Black "Luna Perez Vico, Lorenzo"]
[Result "1-0"]
[WhiteElo "1268"]
[BlackElo "1488"]
[PlyCount "109"]

1. d4 Nf6 2. e3 d5 3. Nf3 Bf5 4. Bd3 Bxd3 5. cxd3 e6 6. O-O Be7 7. Nc3 h6 8. e4
c6 9. Re1 Nbd7 10. Bf4 Nh5 11. Be3 Nhf6 12. h3 O-O 13. Ne5 Nh7 14. Ng4 Re8 15.
Bf4 Nhf6 16. exd5 cxd5 17. Qe2 Nxg4 18. Qxg4 Nf6 19. Qg3 Nh5 20. Qg4 Nxf4 21.
Qxf4 Bg5 22. Qf3 Rc8 23. Re2 Qf6 24. Qxf6 Bxf6 25. Nb5 Re7 26. Nxa7 Ra8 27. Nb5
Ra5 28. a4 Rd7 29. Rc2 Bd8 30. b3 Bg5 31. Rc8+ Kh7 32. Ra2 Bd8 33. Rac2 Kg6 34.
Kf1 Kf6 35. Ra2 Be7 36. Ke2 Kg6 37. g3 h5 38. Rac2 Bd8 39. Kd2 Kf5 40. Kc1 Bb6
41. Kb2 e5 42. dxe5 Kxe5 43. f4+ Kf6 44. Ka3 g5 45. fxg5+ Kxg5 46. b4 Ra6 47.
a5 Bd8 48. Nd4 Be7 49. Rg8+ Kf6 50. Rf2+ Ke5 51. Nf3+ Ke6 52. Re2+ Kf6 53. Kb3
Bd6 54. g4 Bg3 55. gxh5 1-0

[Event "Tournoi Skype 023B"]
[Site "Skype"]
[Date "????.??.??"]
[Round "3.13"]
[White "Torres, Vicky"]
[Black "Cayo, Ana Carolina"]
[Result "1-0"]
[WhiteElo "1265"]
[BlackElo "1449"]
[PlyCount "51"]

1. c4 c6 2. g3 d5 3. e3 Nf6 4. Nc3 Bf5 5. Nf3 e6 6. d4 Nbd7 7. b3 Bd6 8. Bg2 e5
9. O-O e4 10. Nh4 Bg6 11. Nxg6 hxg6 12. f3 Qe7 13. Qc2 exf3 14. Bxf3 O-O 15.
cxd5 c5 16. Nb5 Rfc8 17. Qd3 cxd4 18. Nxd4 Bc5 19. Ne2 Ne5 20. Qd2 Nxf3+ 21.
Rxf3 Ne4 22. Qb2 Re8 23. Nf4 Nf6 24. Nd3 Ba3 25. Qd4 Bxc1 26. Rxc1 1-0

[Event "Tournoi Skype 023B"]
[Site "Skype"]
[Date "????.??.??"]
[Round "3.14"]
[White "Hernandez Lopez, Joaquin"]
[Black "Duthoit, Bernard"]
[Result "0-1"]
[WhiteElo "1251"]
[BlackElo "1421"]
[PlyCount "106"]

1. e4 e6 2. d4 d5 3. Nd2 dxe4 4. Nxe4 Nf6 5. Nc3 c5 6. Nf3 cxd4 7. Nxd4 Bb4 8.
Bb5+ Bd7 9. Qd3 a6 10. Bxd7+ Qxd7 11. Bd2 O-O 12. O-O Nc6 13. Nce2 Bxd2 14.
Qxd2 Nxd4 15. Qxd4 Rfd8 16. Rad1 Qxd4 17. Rxd4 Rxd4 18. Nxd4 Rd8 19. c3 e5 20.
Nb3 b6 21. Re1 Re8 22. f3 Nd5 23. Nd4 f6 24. Nb3 Nf4 25. Nc1 Rd8 26. g3 Nh3+
27. Kg2 Ng5 28. Nb3 Ne6 29. h4 Nc5 30. Nxc5 bxc5 31. Re2 c4 32. b3 cxb3 33.
axb3 Rd3 34. Rc2 Kf7 35. Kf2 Ke6 36. Ke2 Rd6 37. c4 Rd4 38. Ke3 Kd6 39. c5+ Kc6
40. f4 Rb4 41. Rc3 exf4+ 42. gxf4 a5 43. Kf3 f5 44. h5 g6 45. h6 Rb5 46. Ke3
Rxc5 47. Kd4 Rxc3 48. Kxc3 Kc5 49. b4+ axb4+ 50. Kb3 Kd5 51. Kxb4 Ke4 52. Kc4
Kxf4 53. Kd5 Kg5 0-1

[Event "Tournoi Skype 023B"]
[Site "Skype"]
[Date "????.??.??"]
[Round "3.15"]
[White "Malbec, Robert"]
[Black "Douichi, Mohammed"]
[Result "1-0"]
[WhiteElo "1401"]
[BlackElo "1245"]
[PlyCount "143"]

1. e4 e5 2. Nf3 d6 3. Bc4 h6 4. d4 exd4 5. Qxd4 Nf6 6. Nc3 a6 7. O-O Nc6 8. Qd1
Bg4 9. a3 Ne5 10. Be2 Bxf3 11. Bxf3 c6 12. Bf4 Nc4 13. b3 Ne5 14. Re1 Nxf3+ 15.
Qxf3 Be7 16. Rad1 Qc7 17. Qg3 Nh5 18. Bxd6 Nxg3 19. Bxc7 Nh5 20. Be5 f6 21. Bd4
Nf4 22. Be3 Ne6 23. b4 Nd8 24. Rd2 Kf7 25. Rd7 Re8 26. Red1 Kf8 27. Bc5 Bxc5
28. bxc5 Rb8 29. f3 Ne6 30. Na4 Nd8 31. Rc7 Re7 32. Rdd7 Rxd7 33. Rxd7 h5 34.
Kf2 h4 35. f4 Ne6 36. Kf3 Ke8 37. Rd6 Ke7 38. Rd3 Nc7 39. Kg4 Rh8 40. h3 Nb5
41. Nb6 Ke6 42. a4 g6 43. axb5 f5+ 44. Kf3 fxe4+ 45. Kxe4 axb5 46. Rd6+ Kf7 47.
Rd7+ Kf6 48. Rxb7 Re8+ 49. Kf3 Re1 50. Kf2 Re4 51. Kf3 Re8 52. Rc7 Re6 53. Kg4
Rd6 54. cxd6 Ke6 55. Kxh4 Kxd6 56. Rg7 g5+ 57. fxg5 Kc5 58. Nc8 Kc4 59. g6 b4
60. Rc7 c5 61. g7 Kb5 62. g8=Q b3 63. cxb3 Kb4 64. Qc4+ Ka3 65. Ra7+ Kb2 66.
Nb6 Kb1 67. Qxc5 Kb2 68. Qc4 Kb1 69. Ra5 Kb2 70. Nd5 Kb1 71. Ne3 Kb2 72. Qc2#
1-0

[Event "Tournoi Skype 023B"]
[Site "Skype"]
[Date "????.??.??"]
[Round "3.17"]
[White "Borg, Anthony"]
[Black "Ruiz Gomez, Luz Alba"]
[Result "1/2-1/2"]
[WhiteElo "1390"]
[BlackElo "1235"]
[PlyCount "117"]

1. d4 d5 2. e3 Nf6 3. Nd2 c6 4. a3 Bf5 5. c4 e6 6. cxd5 cxd5 7. Bb5+ Nbd7 8.
Ngf3 Bd6 9. O-O O-O 10. h3 a6 11. Ba4 b5 12. Bb3 Rc8 13. Nh4 Bg6 14. Nxg6 hxg6
15. Nf3 Ne4 16. Bc2 Ndf6 17. b4 Qc7 18. Bxe4 Nxe4 19. Bb2 Qc2 20. Qxc2 Rxc2 21.
Rab1 Rfc8 22. Rbc1 Kh7 23. Rxc2 Rxc2 24. Ba1 Ra2 25. Nh4 Rxa3 26. Nf3 Bxb4 27.
Ne5 Bc3 28. Bxc3 Rxc3 29. Nxf7 a5 30. Nd8 Ng5 31. h4 Ne4 32. Nxe6 a4 33. Nf4
Nf6 34. Ne2 Rc2 35. Nf4 b4 36. Ra1 a3 37. Nd3 b3 38. Rxa3 b2 39. Rb3 Rd2 40.
Nxb2 Ne4 41. Nd3 Rd1+ 42. Kh2 Nf6 43. Nf4 Rf1 44. f3 Rd1 45. Rb6 Re1 46. Rb3
Rd1 47. Ne6 Kh6 48. Rb8 Nh7 49. Rh8 Re1 50. Rg8 Rxe3 51. Nxg7 Nf6 52. h5 Re7
53. Nf5+ gxf5 54. Rg6+ Kxh5 55. Rxf6 Kg5 56. Rd6 Re3 57. Rxd5 Rd3 58. Rd8 Kf4
59. d5 1/2-1/2

[Event "Tournoi Skype 023B"]
[Site "Skype"]
[Date "????.??.??"]
[Round "3.18"]
[White "Amato, Ludovica"]
[Black "Gerbaux, Regis"]
[Result "1-0"]
[WhiteElo "1230"]
[BlackElo "1357"]
[PlyCount "34"]

1. e4 e5 2. Nf3 Nc6 3. Bc4 Bc5 4. c3 Nf6 5. d4 exd4 6. cxd4 Bb6 7. d5 Na5 8.
Be2 Nxe4 9. O-O d6 10. b4 Qf6 11. Qc2 Qxa1 12. Qxe4+ Be6 13. bxa5 Bxa5 14. dxe6
O-O 15. exf7+ Rxf7 16. Bc4 Qf6 17. Bxf7+ Qxf7 1-0

[Event "Tournoi Skype 023B"]
[Site "Skype"]
[Date "????.??.??"]
[Round "3.20"]
[White "Farfallini, Michel"]
[Black "Escudero Ocana, Francisco"]
[Result "0-1"]
[WhiteElo "1223"]
[BlackElo "1338"]
[PlyCount "20"]

1. e4 e5 2. Nf3 Nc6 3. Bb5 d6 4. O-O Bd7 5. d4 Nxd4 6. Bc4 Bg4 7. Nbd2 Nf6 8.
Bxf7+ Kxf7 9. Ng5+ Ke8 10. Qxg4 Nxg4 0-1

[Event "Tournoi Skype 023B"]
[Site "Skype"]
[Date "????.??.??"]
[Round "3.21"]
[White "Yanez, Leticia Jorgelina"]
[Black "Lecluyse, Koenraad"]
[Result "0-1"]
[WhiteElo "1328"]
[BlackElo "1224"]
[PlyCount "58"]

1. e4 e6 2. d4 d5 3. e5 c5 4. Nf3 cxd4 5. Qxd4 Nc6 6. Qe3 d4 7. Qb3 Bb4+ 8. c3
dxc3 9. bxc3 Bc5 10. Bf4 Nge7 11. c4 Ng6 12. Bg5 Qa5+ 13. Nbd2 Nd4 14. Nxd4
Bxd4 15. Rd1 Qxe5+ 16. Be2 Qxg5 17. Qb5+ Qxb5 18. cxb5 b6 19. O-O Nf4 20. Nf3
Nxe2+ 21. Kh1 Bc5 22. Rd3 O-O 23. Ne5 Bb7 24. Rd7 Rab8 25. f4 f6 26. Ng4 h5 27.
Rc7 hxg4 28. Rd1 Nxf4 29. Rdd7 Bxg2# 0-1

[Event "Tournoi Skype 023B"]
[Site "Skype"]
[Date "????.??.??"]
[Round "3.23"]
[White "Franca, Diego"]
[Black "Bacha, Mehdi"]
[Result "1-0"]
[WhiteElo "1291"]
[BlackElo "1142"]
[PlyCount "71"]

1. d4 d5 2. c4 e6 3. Nf3 c5 4. Bg5 Nf6 5. e3 Nbd7 6. Bd3 Qb6 7. b3 Qb4+ 8. Nbd2
Be7 9. O-O O-O 10. Qc2 Re8 11. Bxf6 Nxf6 12. Ng5 g6 13. Rfe1 Ng4 14. a3 Qb6 15.
Ngf3 Qc7 16. g3 b6 17. cxd5 exd5 18. Rac1 Bd7 19. dxc5 Qxc5 20. Qb2 Qxa3 21.
Qd4 Qa5 22. Nb1 Bf6 23. Qf4 Be5 24. Nxe5 Nxe5 25. Be2 Bb5 26. Bxb5 Qxb5 27. Rc7
Qd3 28. Nc3 Qd2 29. Rd1 Qb2 30. Nxd5 Nf3+ 31. Qxf3 Qg7 32. Qf6 Red8 33. Ne7+
Kf8 34. Rxd8+ Rxd8 35. Nxg6+ hxg6 36. Qxd8# 1-0

[Event "Tournoi Skype 023B"]
[Site "Skype"]
[Date "????.??.??"]
[Round "3.24"]
[White "Scata, Laura"]
[Black "Sanchez Padilla, Armando Edilber"]
[Result "1/2-1/2"]
[WhiteElo "1106"]
[BlackElo "1287"]
[PlyCount "103"]

1. e4 e5 2. Nf3 Nc6 3. Bc4 h6 4. c3 Nf6 5. d3 Bc5 6. b4 Bb6 7. b5 Na5 8. Na3
Ng4 9. h3 Nxf2 10. Qe2 Nxh1 11. Nxe5 Qh4+ 12. Kd2 Qg5+ 13. Kc2 Qxe5 14. Qf1 Nf2
15. Bd2 O-O 16. Be1 Nxc4 17. Nxc4 Qf4 18. Nxb6 Nxd3 19. Qxf4 Nxf4 20. Nxa8 d6
21. Nxc7 Nxg2 22. Bf2 Bd7 23. a4 Rc8 24. Nd5 Kh7 25. Bxa7 Bxh3 26. Bd4 Re8 27.
Kd3 f6 28. b6 Kg6 29. a5 Bd7 30. c4 Ra8 31. Nc7 Rb8 32. a6 bxa6 33. Rxa6 Rb7
34. Ra7 Rxb6 35. Bxb6 Nf4+ 36. Kd4 h5 37. Nd5 Ne2+ 38. Ke3 Ng3 39. Rxd7 h4 40.
Kf4 Nh5+ 41. Kg4 h3 42. Kxh3 Kg5 43. Be3+ Kg6 44. Rxd6 Kf7 45. c5 g5 46. c6
Nf4+ 47. Nxf4 gxf4 48. Bxf4 Ke7 49. c7 Kf7 50. c8=Q Kg6 51. Qg8+ Kh5 52. Rxf6
1/2-1/2

[Event "Tournoi Skype 023B"]
[Site "Skype"]
[Date "????.??.??"]
[Round "3.25"]
[White "Mantelli, Luca"]
[Black "Baker, Abi"]
[Result "1-0"]
[WhiteElo "1285"]
[BlackElo "1110"]
[PlyCount "43"]

1. e4 e6 2. d4 d5 3. Nf3 c5 4. e5 Nc6 5. c3 c4 6. Be2 Bd7 7. Nbd2 Nge7 8. b3
Nf5 9. bxc4 Qa5 10. Qc2 Be7 11. cxd5 Qxd5 12. O-O O-O 13. Re1 Nh4 14. Nxh4 Bxh4
15. Nf3 Be7 16. Ng5 Bxg5 17. Bxg5 Rac8 18. Qd3 a6 19. Qg3 Nxd4 20. cxd4 Qxd4
21. Bh6 Rc3 22. Qxg7# 1-0

[Event "Tournoi Skype 023B"]
[Site "Skype"]
[Date "????.??.??"]
[Round "3.26"]
[White "Berbedes, Jorgelina"]
[Black "Battaglia, Gabriele"]
[Result "1-0"]
[WhiteElo "1075"]
[BlackElo "1283"]
[PlyCount "69"]

1. d4 d5 2. Bf4 Bg4 3. Nd2 Nc6 4. c3 Nf6 5. Bg5 e6 6. Ngf3 Be7 7. e3 O-O 8. Bd3
h6 9. Bxf6 Bxf3 10. Qxf3 Bxf6 11. Qd1 e5 12. dxe5 Nxe5 13. Bc2 Re8 14. Qe2 c5
15. f4 Nc6 16. g4 d4 17. cxd4 cxd4 18. g5 Qd5 19. e4 hxg5 20. fxg5 Bxg5 21. Rg1
Bh4+ 22. Kd1 Re5 23. Qg4 Rg5 24. exd5 Rxg4 25. Rxg4 Bf6 26. dxc6 bxc6 27. Bd3
Rb8 28. Kc2 c5 29. Re4 Kf8 30. Rae1 g6 31. Nc4 Rd8 32. Ne5 Rd6 33. Bc4 Bg7 34.
Nxg6+ fxg6 35. Re8# 1-0

[Event "Tournoi Skype 023B"]
[Site "Skype"]
[Date "????.??.??"]
[Round "3.27"]
[White "Hargez, Dany"]
[Black "Gonzalez, Ivan"]
[Result "0-1"]
[WhiteElo "1282"]
[BlackElo "1000"]
[PlyCount "38"]

1. e4 e5 2. d4 Nc6 3. d5 Bc5 4. c3 Nge7 5. dxc6 dxc6 6. Bd3 O-O 7. Bg5 Qd6 8.
Bxe7 Qxe7 9. h3 Rd8 10. Nf3 Rd6 11. O-O Rg6 12. Bc4 Bxh3 13. Bxf7+ Qxf7 14.
Nxe5 Rxg2+ 15. Kh1 Qf4 16. Qb3+ Kh8 17. Nf7+ Kg8 18. Ng5+ Kf8 19. Nxh3 Qh2# 0-1

[Event "Tournoi Skype 023B"]
[Site "Skype"]
[Date "????.??.??"]
[Round "3.28"]
[White "Silva, Givson"]
[Black "Ozyuksel, Gulcan"]
[Result "1-0"]
[WhiteElo "1365"]
[BlackElo "1000"]
[PlyCount "59"]

1. d4 d5 2. c4 e6 3. Nf3 Nc6 4. Nc3 Be7 5. Bf4 Nf6 6. e3 O-O 7. Bd3 a6 8. Bg5
h6 9. h4 Ng4 10. cxd5 exd5 11. Qb3 Qd7 12. Nxd5 Qe6 13. Nxc7 Qxb3 14. axb3 Rb8
15. Bxe7 Nxe7 16. d5 Rd8 17. e4 Ng6 18. g3 N6e5 19. Nxe5 Nxe5 20. Be2 Rf8 21.
O-O f5 22. f4 Ng6 23. e5 Ne7 24. d6 Ng6 25. Bc4+ Kh8 26. Rfe1 Bd7 27. e6 Be8
28. Rad1 b5 29. e7 Rf7 30. Nxe8 1-0

[Event "Tournoi Skype 023B"]
[Site "Skype"]
[Date "????.??.??"]
[Round "3.30"]
[White "Barrionuevo, Hilario"]
[Black "Vincent, Andre"]
[Result "0-1"]
[WhiteElo "1000"]
[BlackElo "1372"]
[PlyCount "72"]

1. d4 Nf6 2. e3 d5 3. Bd3 e6 4. c4 Bb4+ 5. Bd2 Bxd2+ 6. Qxd2 O-O 7. Nf3 Nbd7 8.
Ng5 c6 9. Qc2 g6 10. h4 Nh5 11. g4 Nhf6 12. h5 Ne4 13. Bxe4 Qxg5 14. hxg6 dxe4
15. gxh7+ Kh8 16. Qd1 Nf6 17. f4 Qxg4 18. Qc2 Qg3+ 19. Kd1 Qxe3 20. Nd2 Qxd4
21. Re1 Qd3 22. Rc1 Qxc2+ 23. Kxc2 Nxh7 24. Nxe4 f6 25. Rh1 b6 26. Rh2 a5 27.
Rg1 Ra7 28. Ng5 fxg5 29. fxg5 Kg8 30. g6 Nf6 31. Rgh1 Nh7 32. Rxh7 Rxh7 33.
Rxh7 Rf2+ 34. Kd3 Rg2 35. Rh6 e5 36. Ke3 Bf5 0-1

[Event "Tournoi Skype 023B"]
[Site "Skype"]
[Date "????.??.??"]
[Round "3.33"]
[White "Maccaferri, Massimo"]
[Black "Marty, Yvette"]
[Result "1-0"]
[WhiteElo "1259"]
[BlackElo "1000"]
[PlyCount "47"]

1. f4 c6 2. Nf3 e6 3. d4 d5 4. e3 Nf6 5. Bd3 g6 6. Bd2 Na6 7. Nc3 Nb4 8. a3
Nxd3+ 9. cxd3 Be7 10. Qe2 O-O 11. O-O-O Nh5 12. Rdg1 Bd7 13. g4 Nf6 14. g5 Ng4
15. Rxg4 Kh8 16. h4 f6 17. h5 fxg5 18. hxg6 Rf5 19. Rxh7+ Kg8 20. e4 Rxf4 21.
Ne5 dxe4 22. Bxf4 Bc8 23. Qxe4 Qa5 24. Nf7 1-0

[Event "Tournoi Skype 023B"]
[Site "Skype"]
[Date "????.??.??"]
[Round "3.34"]
[White "Porcabeuf, Jean-Marc"]
[Black "Schnell, Nicolas"]
[Result "0-1"]
[WhiteElo "1177"]
[BlackElo "1000"]
[PlyCount "30"]

1. d4 Nf6 2. e3 b5 3. Bxb5 Bb7 4. Nd2 g6 5. Ngf3 Bh6 6. Ne5 O-O 7. O-O Nc6 8.
Nef3 Nb4 9. c3 Nbd5 10. Bd3 e6 11. Ne5 Nxe3 12. fxe3 Bxe3+ 13. Kh1 Nd5 14. c4
Nf4 15. Bc2 Bxg2# 0-1

[Event "Tournoi Skype 023B"]
[Site "Skype"]
[Date "????.??.??"]
[Round "3.35"]
[White "Schuh, David"]
[Black "Le Bouill, Pierre"]
[Result "0-1"]
[WhiteElo "1000"]
[BlackElo "1165"]
[PlyCount "56"]

1. d4 Nf6 2. Bf4 g6 3. e3 Bg7 4. Bc4 d5 5. Bb3 c6 6. Nf3 O-O 7. Nc3 Ne4 8. Nxe4
dxe4 9. Nd2 Bf5 10. O-O Nd7 11. c4 Re8 12. Re1 e5 13. dxe5 Bxe5 14. Bxe5 Nxe5
15. Qc2 Ng4 16. h3 Nf6 17. Rad1 Qc7 18. Qc3 Qe7 19. f3 Nh5 20. fxe4 Bxe4 21.
Nxe4 Qxe4 22. Ba4 Rad8 23. Rxd8 Rxd8 24. a3 Re8 25. c5 Qxa4 26. Rf1 Qe4 27. g4
Ng3 28. Rf2 Qh1# 0-1

[Event "Tournoi Skype 023B"]
[Site "Skype"]
[Date "????.??.??"]
[Round "3.36"]
[White "Farthouat, Catherine"]
[Black "Singh, Gatak"]
[Result "0-1"]
[WhiteElo "1129"]
[BlackElo "1000"]
[PlyCount "62"]

1. c4 e5 2. Nc3 Bc5 3. Nf3 Qf6 4. e3 Qf5 5. g3 e4 6. Nh4 Qe5 7. Bg2 f5 8. O-O
Nf6 9. d4 Qd6 10. dxc5 Qxc5 11. Qb3 a6 12. Na4 Qa5 13. Qa3 Nc6 14. Rb1 d6 15.
b4 Qe5 16. Bb2 Qe6 17. Qb3 g5 18. Nf3 exf3 19. Bxf3 Ne5 20. Bg2 Rb8 21. Rfd1 b5
22. Nc3 bxc4 23. Qa4+ Nfd7 24. Nd5 Rb7 25. Qxa6 O-O 26. Qxc4 Nxc4 27. Bc1 c6
28. Nc3 c5 29. Bxb7 Bxb7 30. bxc5 Be4 31. Rb3 Bc2 0-1

[Event "Tournoi Skype 023B"]
[Site "Skype"]
[Date "????.??.??"]
[Round "3.37"]
[White "Mimouni, Driss"]
[Black "Swanepoel, Karel"]
[Result "1-0"]
[WhiteElo "1038"]
[BlackElo "1000"]
[PlyCount "55"]

1. e4 e5 2. d4 exd4 3. Qxd4 Nc6 4. Qa4 d6 5. Be3 Nf6 6. Nc3 a6 7. Nf3 h6 8. Nb5
Bd7 9. Nfd4 Nxd4 10. Bxd4 axb5 11. Qb3 Nxe4 12. Bxb5 Qe7 13. Bxd7+ Qxd7 14.
Qxb7 Rd8 15. Qxe4+ Qe6 16. Qxe6+ fxe6 17. O-O c5 18. Bc3 Rb8 19. Rfe1 e5 20.
Rad1 Be7 21. Re4 O-O 22. f4 Rbe8 23. fxe5 d5 24. Rxd5 Rc8 25. e6 c4 26. Rd7
Bc5+ 27. Bd4 Bxd4+ 28. Rexd4 1-0

[Event "Tournoi Skype 023B"]
[Site "Skype"]
[Date "????.??.??"]
[Round "4.1"]
[White "Vilone, Rino"]
[Black "Legueltel, Daniel"]
[Result "1-0"]
[WhiteElo "1466"]
[BlackElo "1597"]
[PlyCount "31"]

1. e4 e5 2. f4 exf4 3. Nf3 Nc6 4. d4 d6 5. h3 f5 6. exf5 Bxf5 7. d5 Qe7+ 8. Be2
Ne5 9. O-O g5 10. Nxg5 Qxg5 11. Bxf4 Qg6 12. Bh5 Bxc2 13. Bxg6+ Bxg6 14. Bxe5
dxe5 15. Qa4+ Kd8 16. Rxf8+ 1-0